000 00836nam a22002417a 4500
003 UA-OsUOA
001 45719
007 ta
008 20111101b un ||||| |||| 00| 0 ukr d
100 _aСанцевич А.
090 _a930.1
_bС18
942 _cBK
040 _aUA-OsUOA
_bukr
_cUA-OsUOA
_dUA-OsUOA
245 _aПроблеми історії України післявоєнного періоду в радянській історіографії
300 _a251 с.
955 _a1
041 _aukr
080 _a930.1
260 _aК.
_bНаукова думка
_c1967
650 7 _a930 Історична наука. Допоміжні історичні дисципліни
_2UDC
999 _c425821
_d425821